Statistics for 1952 College Football AP Poll

Click here to take the quiz!

General Stats

  • This quiz has been taken 11 times
  • The average score is 176 of 220

Answer Stats

WeekRankTeamWLTConference% Correct
Week 7 (11/10)12Alabama71SEC
100%
Week 8 (11/17)14Alabama72SEC
100%
Week 2 (10/6)18Alabama30SEC
100%
Week 9 (11/24)8Alabama82SEC
100%
Week 10 (12/1)9Alabama92SEC
100%
Week 5 (10/27)19Alabama51SEC
100%
Week 3 (10/13)18Alabama40SEC
100%
Week 6 (11/3)16Alabama61SEC
100%
Week 5 (10/27)15Michigan32Big Ten
100%
Week 4 (10/20)19Michigan22Big Ten
100%
Week 8 (11/17)12Michigan53Big Ten
100%
Week 7 (11/10)20Michigan43Big Ten
100%
Week 6 (11/3)10Notre Dame411Independent
100%
Week 9 (11/24)7Notre Dame621Independent
100%
Week 2 (10/6)8Notre Dame101Independent
100%
Week 4 (10/20)16Notre Dame211Independent
100%
Preseason10Notre Dame00Independent
100%
Week 1 (9/29)19Notre Dame001Independent
100%
Week 10 (12/1)3Notre Dame721Independent
100%
Week 7 (11/10)6Notre Dame511Independent
100%
Week 8 (11/17)9Notre Dame521Independent
100%
Week 5 (10/27)13Notre Dame311Independent
100%
Week 4 (10/20)3Oklahoma301Big Seven
100%
Week 1 (9/29)20Oklahoma001Big Seven
100%
Week 2 (10/6)12Oklahoma101Big Seven
100%
Week 9 (11/24)4Oklahoma711Big Seven
100%
Week 10 (12/1)4Oklahoma811Big Seven
100%
Week 5 (10/27)3Oklahoma401Big Seven
100%
Week 3 (10/13)6Oklahoma201Big Seven
100%
Week 8 (11/17)5Oklahoma611Big Seven
100%
Week 6 (11/3)4Oklahoma501Big Seven
100%
Preseason4Oklahoma00Big Seven
100%
Week 7 (11/10)8Oklahoma511Big Seven
100%
Week 7 (11/10)9Texas62Southwest
100%
Week 9 (11/24)10Texas72Southwest
100%
Preseason11Texas00Southwest
100%
Week 6 (11/3)13Texas52Southwest
100%
Week 10 (12/1)10Texas82Southwest
100%
Week 8 (11/17)10Texas72Southwest
100%
Week 4 (10/20)20Texas32Southwest
100%
Week 1 (9/29)5Texas20Southwest
100%
Week 5 (10/27)14Texas42Southwest
100%
Week 5 (10/27)5USC60Pacific Coast
100%
Week 6 (11/3)6USC60Pacific Coast
100%
Preseason16USC00Pacific Coast
100%
Week 4 (10/20)7USC50Pacific Coast
100%
Week 1 (9/29)7USC20Pacific Coast
100%
Week 8 (11/17)4USC80Pacific Coast
100%
Week 2 (10/6)7USC30Pacific Coast
100%
Week 3 (10/13)7USC40Pacific Coast
100%
Week 10 (12/1)5USC91Pacific Coast
100%
Week 7 (11/10)5USC70Pacific Coast
100%
Week 9 (11/24)2USC90Pacific Coast
100%
Week 6 (11/3)1Michigan State60Independent
90%
Week 5 (10/27)1Michigan State50Independent
90%
Week 9 (11/24)1Michigan State90Independent
90%
Week 7 (11/10)1Michigan State70Independent
90%
Week 8 (11/17)1Michigan State80Independent
90%
Week 4 (10/20)1Michigan State40Independent
90%
Preseason1Michigan State00Independent
90%
Week 3 (10/13)1Michigan State30Big Ten
90%
Week 10 (12/1)1Michigan State90Independent
90%
Week 1 (9/29)1Michigan State10Independent
90%
Week 2 (10/6)2Michigan State20Independent
90%
Week 10 (12/1)17Ohio State63Big Ten
90%
Preseason20Ohio State00Big Ten
90%
Week 1 (9/29)15Ohio State10Big Ten
90%
Week 4 (10/20)14Ohio State31Big Ten
90%
Week 3 (10/13)16Ohio State21Big Ten
90%
Week 5 (10/27)17Penn302Independent
90%
Week 3 (10/13)14Penn201Independent
90%
Week 4 (10/20)11Penn301Independent
90%
Preseason12Penn00Independent
90%
Week 4 (10/20)17Penn State401Independent
90%
Week 6 (11/3)15Penn State511Independent
90%
Week 3 (10/13)19Penn State301Independent
90%
Week 2 (10/6)20Penn State201Independent
90%
Week 9 (11/24)9Tennessee711SEC
90%
Week 6 (11/3)8Tennessee51SEC
90%
Week 10 (12/1)8Tennessee811SEC
90%
Week 1 (9/29)11Tennessee10SEC
90%
Week 8 (11/17)7Tennessee71SEC
90%
Preseason6Tennessee00SEC
90%
Week 7 (11/10)7Tennessee61SEC
90%
Week 5 (10/27)12Tennessee41SEC
90%
Week 4 (10/20)13Tennessee31SEC
90%
Week 9 (11/24)5UCLA81Pacific Coast
90%
Week 10 (12/1)6UCLA81Pacific Coast
90%
Week 1 (9/29)14UCLA20Pacific Coast
90%
Week 5 (10/27)7UCLA60Pacific Coast
90%
Week 8 (11/17)3UCLA80Pacific Coast
90%
Preseason18UCLA00Pacific Coast
90%
Week 6 (11/3)5UCLA70Pacific Coast
90%
Week 3 (10/13)10UCLA40Pacific Coast
90%
Week 7 (11/10)4UCLA80Pacific Coast
90%
Week 4 (10/20)8UCLA50Pacific Coast
90%
Week 2 (10/6)11UCLA30Pacific Coast
90%
Week 7 (11/10)17Washington62Pacific Coast
90%
Week 10 (12/1)11Wisconsin621Big Ten
90%
Week 3 (10/13)12Wisconsin20Big Ten
90%
Week 5 (10/27)18Wisconsin32Big Ten
90%
Preseason7Wisconsin00Big Ten
90%
Week 9 (11/24)12Wisconsin621Big Ten
90%
Week 1 (9/29)8Wisconsin10Big Ten
90%
Week 7 (11/10)15Wisconsin52Big Ten
90%
Week 4 (10/20)10Wisconsin31Big Ten
90%
Week 6 (11/3)18Wisconsin42Big Ten
90%
Week 2 (10/6)1Wisconsin20Big Ten
90%
Week 8 (11/17)13Wisconsin62Big Ten
90%
Week 6 (11/3)12Duke61SoCon
80%
Week 3 (10/13)5Duke40SoCon
80%
Preseason19Duke00SoCon
80%
Week 10 (12/1)16Duke82SoCon
80%
Week 5 (10/27)6Duke60SoCon
80%
Week 4 (10/20)6Duke50SoCon
80%
Week 1 (9/29)10Duke20SoCon
80%
Week 2 (10/6)6Duke30SoCon
80%
Week 9 (11/24)13Duke82SoCon
80%
Week 8 (11/17)20Duke72SoCon
80%
Week 5 (10/27)20Florida32SEC
80%
Week 9 (11/24)17Florida63SEC
80%
Week 7 (11/10)18Florida52SEC
80%
Week 6 (11/3)17Florida42SEC
80%
Week 10 (12/1)15Florida63SEC
80%
Week 2 (10/6)19Georgia30SEC
80%
Preseason5Illinois00Big Ten
80%
Week 3 (10/13)17Illinois21Big Ten
80%
Week 2 (10/6)13Illinois11Big Ten
80%
Week 1 (9/29)2Illinois10Big Ten
80%
Week 8 (11/17)18Kansas72Big Seven
80%
Week 1 (9/29)9Kansas20Big Seven
80%
Week 7 (11/10)19Kansas62Big Seven
80%
Week 5 (10/27)9Kansas51Big Seven
80%
Week 3 (10/13)8Kansas40Big Seven
80%
Week 4 (10/20)15Kansas41Big Seven
80%
Week 6 (11/3)7Kansas61Big Seven
80%
Preseason17Kansas00Big Seven
80%
Week 2 (10/6)9Kansas30Big Seven
80%
Week 3 (10/13)20Navy30Independent
80%
Week 2 (10/6)17Navy20Independent
80%
Week 7 (11/10)11Ole Miss602SEC
80%
Week 9 (11/24)6Ole Miss702SEC
80%
Week 10 (12/1)7Ole Miss802SEC
80%
Week 6 (11/3)14Ole Miss502SEC
80%
Week 1 (9/29)18Ole Miss101SEC
80%
Week 8 (11/17)6Ole Miss702SEC
80%
Week 7 (11/10)14Pittsburgh52Independent
80%
Week 8 (11/17)16Pittsburgh62Independent
80%
Week 4 (10/20)18Pittsburgh31Independent
80%
Preseason15Washington State00Pacific Coast
80%
Week 5 (10/27)11California51Pacific Coast
70%
Week 3 (10/13)3California40Pacific Coast
70%
Week 1 (9/29)4California20Pacific Coast
70%
Week 4 (10/20)4California50Pacific Coast
70%
Week 2 (10/6)3California30Pacific Coast
70%
Preseason8California00Pacific Coast
70%
Week 7 (11/10)2Georgia Tech80SEC
70%
Week 1 (9/29)6Georgia Tech20SEC
70%
Week 10 (12/1)2Georgia Tech110SEC
70%
Week 5 (10/27)4Georgia Tech60SEC
70%
Week 6 (11/3)3Georgia Tech70SEC
70%
Week 8 (11/17)2Georgia Tech90SEC
70%
Week 2 (10/6)5Georgia Tech30SEC
70%
Week 3 (10/13)4Georgia Tech40SEC
70%
Week 9 (11/24)3Georgia Tech100SEC
70%
Preseason3Georgia Tech00SEC
70%
Week 4 (10/20)5Georgia Tech50SEC
70%
Week 9 (11/24)19Kentucky532SEC
70%
Week 10 (12/1)20Kentucky532SEC
70%
Week 7 (11/10)10Purdue322Big Ten
70%
Week 2 (10/6)16Purdue101Big Ten
70%
Week 10 (12/1)18Purdue432Big Ten
70%
Week 9 (11/24)14Purdue432Big Ten
70%
Week 3 (10/13)9Purdue201Big Ten
70%
Week 5 (10/27)8Purdue311Big Ten
70%
Week 6 (11/3)9Purdue321Big Ten
70%
Week 9 (11/24)16Syracuse72Independent
70%
Week 7 (11/10)13Syracuse52Independent
70%
Week 10 (12/1)14Syracuse72Independent
70%
Week 8 (11/17)15Syracuse62Independent
70%
Preseason9TCU00Southwest
70%
Week 1 (9/29)3Maryland20SoCon (†)
60%
Week 6 (11/3)2Maryland70SoCon (†)
60%
Week 2 (10/6)4Maryland30SoCon (†)
60%
Week 7 (11/10)3Maryland70SoCon (†)
60%
Week 10 (12/1)13Maryland72SoCon (†)
60%
Week 5 (10/27)2Maryland60SoCon (†)
60%
Week 3 (10/13)2Maryland40SoCon (†)
60%
Preseason2Maryland00SoCon (†)
60%
Week 8 (11/17)8Maryland71SoCon (†)
60%
Week 4 (10/20)2Maryland50SoCon (†)
60%
Week 9 (11/24)15Maryland72SoCon (†)
60%
Week 3 (10/13)13Stanford40Pacific Coast
60%
Preseason13Stanford00Pacific Coast
60%
Week 5 (10/27)16Virginia41Independent
60%
Week 4 (10/20)9Virginia40Independent
60%
Week 2 (10/6)15Virginia20Independent
60%
Week 9 (11/24)20Virginia72Independent
60%
Week 1 (9/29)16Virginia10Independent
60%
Week 3 (10/13)11Virginia30Independent
60%
Week 9 (11/24)18Princeton81Independent
50%
Week 2 (10/6)10Princeton20Independent
50%
Week 10 (12/1)19Princeton81Independent
50%
Week 7 (11/10)16Princeton61Independent
50%
Week 8 (11/17)17Princeton71Independent
50%
Preseason14Princeton00Independent
50%
Week 1 (9/29)13Princeton10Independent
50%
Week 6 (11/3)19Princeton51Independent
50%
Week 1 (9/29)17Rice10Southwest
50%
Week 8 (11/17)19Houston62Missouri Valley
30%
Week 1 (9/29)12Villanova20Independent
20%
Week 3 (10/13)15Villanova40Independent
20%
Week 5 (10/27)10Villanova60Independent
20%
Week 2 (10/6)14Villanova30Independent
20%
Week 4 (10/20)12Villanova50Independent
20%
Week 6 (11/3)11Villanova601Independent
20%
Week 6 (11/3)20Holy Cross51Independent
10%
Week 10 (12/1)12Tulsa811Missouri Valley
10%
Week 9 (11/24)11Tulsa711Missouri Valley
10%
Week 8 (11/17)11Tulsa611Missouri Valley
10%

Score Distribution

Percentile by Number Answered

Percent of People with Each Score

Your Score History

You have not taken this quiz